| 000 | 00995cam a22002893a 4500 | ||
|---|---|---|---|
| 005 | 20260322212043.0 | ||
| 008 | data | ||
| 010 | _a 2003612006 | ||
| 020 | _a0515135852 | ||
| 020 | _a9780515135855 | ||
| 040 |
_aZAB _cZAB _dDLC |
||
| 042 | _alccopycat | ||
| 050 | 0 | 0 | _aCPB Box no. 2080 vol. 5 |
| 099 | _aEVANST | ||
| 100 | 1 | _aEvans, Tabor. | |
| 245 | 1 | 0 |
_aLongarm and town-taming Tess / _cTabor Evans & Copyright Paperback Collection (Library of Congress). |
| 250 | _aJove ed. | ||
| 260 |
_aNew York : _bJove Books, _c2003. |
||
| 300 |
_a185 p. ; _c18 cm. |
||
| 490 | 0 |
_aLongarm ; _v297 |
|
| 650 | 0 |
_aLongarm (Fictitious character) _vFiction. |
|
| 655 | 7 |
_aWestern stories. _2gsafd |
|
| 710 | 2 |
_aCopyright Paperback Collection (Library of Congress) _5DLC |
|
| 856 | 4 | 2 |
_3Contributor biographical information _uhttp://www.loc.gov/catdir/enhancements/fy0719/2003612006-b.html |
| 856 | 4 | 2 |
_3Publisher description _uhttp://www.loc.gov/catdir/enhancements/fy0719/2003612006-d.html |
| 001 | data | ||
| 999 |
_c1023 _d1023 |
||